Management models for small towns water supply : Lessons learned from case studies in the Philippines
In Philippines today, nearly 60% of the population live in urban areas, up from 40% only twenty years ago. This field note presents the findings from a recent study by the Water Supply and Sanatation Performance Enhancement Project, which used case studies of fourteen small town water supply systems...
Spremljeno u:
| Glavni autor: | |
|---|---|
| Format: | Knjiga |
| Jezik: | Undetermined |
| Izdano: |
Indonesia
The World Bank
2003
|
| Teme: | |
| Oznake: |
Dodaj oznaku
Bez oznaka, Budi prvi tko označuje ovaj zapis!
|
| Thư viện lưu trữ: | Trung tâm Học liệu Trường Đại học Cần Thơ |
|---|
| LEADER | 01045nam a2200217Ia 4500 | ||
|---|---|---|---|
| 001 | CTU_136387 | ||
| 008 | 210402s9999 xx 000 0 und d | ||
| 082 | |a 363.61 | ||
| 082 | |b R658 | ||
| 100 | |a Robinson, Andy | ||
| 245 | 0 | |a Management models for small towns water supply : | |
| 245 | 0 | |b Lessons learned from case studies in the Philippines | |
| 245 | 0 | |c Andy Robinson | |
| 260 | |a Indonesia | ||
| 260 | |b The World Bank | ||
| 260 | |c 2003 | ||
| 520 | |a In Philippines today, nearly 60% of the population live in urban areas, up from 40% only twenty years ago. This field note presents the findings from a recent study by the Water Supply and Sanatation Performance Enhancement Project, which used case studies of fourteen small town water supply systems in the Philippines to examine 'factors of success' for different management models. | ||
| 650 | |a Cung cấp nước, Nông thôn,Water-supply, Rural | ||
| 650 | |z Philippines,Philippines | ||
| 904 | |i Trong Hieu | ||
| 980 | |a Trung tâm Học liệu Trường Đại học Cần Thơ | ||